| 000 | 00696nam a2200169 i 4500 | ||
|---|---|---|---|
| 001 | bg | ||
| 245 | 0 |
_aEfektywność procesów innowacyjnych w przedsiębiorstwie : _bmateriały na międzynarodową konferencję naukową, Szklarska Poręba, 8-11 października 1987. |
|
| 260 |
_aWrocław, _c1987. |
||
| 490 | 1 |
_aPrace Naukowe Instytutu Organizacji i Zarządzania Politechniki Wrocławskiej. Konferencje ; _v19 |
|
| 500 | _aNumeracja ser. gł. : 49. | ||
| 830 | 0 |
_aPrace Naukowe Instytutu Organizacji i Zarządzania Politechniki Wrocławskiej. _pKonferencje ; _v19 |
|
| 040 | _cBPK | ||
| 041 | _apol | ||
| 080 | _a658.1/.5.003(061.3) | ||
| 942 | _cKS | ||
| 008 | s pl f |000 0 pol | ||
| 999 |
_c23815 _d23815 |
||
| 856 |
_uhttp://koha.tu.koszalin.pl/cgi-bin/koha/opac-detail.pl?biblionumber=23815 _yKatalog online BPK |
||